| 000 | 00611nam a2200193 i 4500 | ||
|---|---|---|---|
| 001 | 135130 | ||
| 003 | ES-MaACL | ||
| 005 | 20250712031726.0 | ||
| 007 | t| | ||
| 008 | 070710s1959 sp ||||1| spa d | ||
| 080 | _a85-311.2"19" | ||
| 100 | 1 |
_aTomasi Di Lampedusa, Giuseppe. _9110537 |
|
| 245 | 1 | 3 |
_aEl gatopardo _b: novela / _cGiuseppe Tomasi de Lampedusa ; [traducción Fernando Gutiérrez]. |
| 260 |
_aBarcelona : _bNoguer : _b[Ariel, _c1959] |
||
| 300 |
_a292 p. ; _c20 cm. |
||
| 700 | 1 |
_aGutiérrez, Fernando, _d1911-1984 _9156260 |
|
| 852 |
_aES-MaACL _jC-17654 _bR.45306 |
||
| 999 |
_c135130 _d135130 |
||